|
|
|
|
| LEADER |
00000nam a2200000 a 4500 |
| 001 |
vtls001331361 |
| 003 |
SK-MaSNL |
| 005 |
20260301235713.0 |
| 008 |
251112s1748 gw ab i 001 lat |
| 035 |
|
|
|a SNK000284241
|
| 035 |
|
|
|a urn:nbn:sk:snk-amtii2
|
| 035 |
|
|
|a urn:nbn:sk:snk-am00c4w0
|
| 035 |
|
|
|a 2B8340D4-62C3-4B31-8BD4-CE934C1AEE07
|
| 040 |
|
|
|a SNK
|b slo
|c SNK
|e AACR2
|
| 041 |
0 |
|
|a lat
|
| 044 |
|
|
|a gw
|c DE
|
| 072 |
|
7 |
|a 913:94
|x Historická geografia
|2 konspekt
|
| 072 |
|
7 |
|a 094
|x Staré tlače
|2 konspekt
|
| 080 |
|
|
|a 913:94(094)
|2 2008
|
| 080 |
|
|
|a (048.8)
|2 2008
|
| 080 |
|
|
|a 094(=124):913(94)
|2 2008
|
| 080 |
|
|
|a (439)
|2 2008
|
| 245 |
0 |
0 |
|a Scriptores Rervm Hvngaricarvm, Dalmaticarvm, Croaticarvm, Et Sclavonicarvm Veteres Ac Genvini, Partim Primvm, Partim Antehac Qvidem Editi, Nvnc Vero Ex Rarissimis Et Optimis Editionibvs AliorvmqveAvctorvm Commentariis Ab Innvmeris Mendis Vindicati, Ac Passim Necessariis Observationibvs Illvstrati, Praeterae Adcvratissimis Mappis Geographicis Exornati,
|n Tomvs Tertivs,
|c Et Cvm Amplissima Praefatione Matthiae Belii, Nec Non Instrvctissimo Rervm Verborvmqve Indice, In Nitidissimam Hanc Formam Redacti. Cvra Et Stvdio Ioannis Georgii Schwandtneri Avstriaci Stadelkirchensis.
|
| 246 |
3 |
3 |
|a Scriptores rerum Hungaricarum, Dalmaticarum, Croaticarum, et Sclavonicarum veteres, ac genuini, partim primum, partim antehac quidem editi, nunc vero ex rarissimis et optimis editionibus aliorumque auctorum commentariis ab innumeris mendis vindicati, ac passim necessariis observationibus illustrati, praeterae adcuratissimis mappis geographicis exorbati.
|
| 260 |
|
|
|a [Vindobonensis]
|b Impensis Ioannis Pavli Kravs, Bibliopolae Vindobonensis.
|c M DCCXLVIII [=1748]
|e (Lipsiae)
|f (Litteris Eisfeldianis)
|
| 300 |
|
|
|a [8], XLII, [2], 794, [21] s., [6] príl.
|b front., ilust., mapy
|c 36 cm
|
| 500 |
|
|
|a Titulný list tlačený majuskulami, červeno-čierna tlač
|
| 500 |
|
|
|a Typografické linky, ozdoby, kustódy, živé záhlavie, vlysy, vinety, medirytinové iniciály v rámčekoch s vyobrazením vedút miest a krajiny, marginálie
|
| 500 |
|
|
|a Dielo obsahuje frontispice a 6 máp na rozkladacích listoch.
|
| 504 |
|
|
|a Poznámky pod textom
|
| 504 |
|
|
|a Autorom predslovu je Matej Bell
|
| 550 |
|
|
|a Údaje o tlačiarovi doplnené z kolofónu, miesto vydania doplnené podľa nakladateľských údajov
|
| 561 |
|
|
|a Okrúhla pečiatka: Nyitravármegyei Muzeum 1900.
|5 SNK SA 42/3
|
| 561 |
|
|
|a Okrúhla pečiatka: Dar Martina Hamuliaka Matici slovenskej.
|5 SNK SA 42/3
|
| 561 |
|
|
|a Okrúhla pečiatka: Biblioth Reg. Scient. Vniversit Hvngaricae.
|5 SNK SA 42/3
|
| 561 |
|
|
|a Okrúhla pečiatka: Knihoveň Matice slovenskej.
|5 SNK SA 42/3
|
| 561 |
|
|
|a Provenienčná pečiatka: Gejza Ostrolucký, hospodárstvo Zemanské Podhradie p. p. Bošáca, okres Trenčín.
|
| 562 |
|
|
|a Rukopisné poznámky a marginálie v texte.
|5 SNK SA 42/3
|
| 563 |
|
|
|a Väzba hnedá kožená, chrbát s ornamentálnou zlatorezovou slepotlačou a nápisom.
|5 SNK SA 42/3
|
| 650 |
0 |
7 |
|a latinské staré tlače
|x historická geografia
|2 SNKPH
|9 633289
|
| 650 |
0 |
7 |
|a historická geografia
|x latinské staré tlače
|2 SNKPH
|9 633290
|
| 650 |
0 |
7 |
|a Old prints
|x Historical geography
|2 SNKPHeng
|9 633291
|
| 650 |
0 |
7 |
|a Latin old prints
|x Historical geography
|2 SNKPHeng
|9 633292
|
| 650 |
0 |
7 |
|a staré tlače
|x historická geografia
|2 SNKPH
|9 633293
|
| 650 |
0 |
7 |
|a Historical geography
|x Latin old prints
|2 SNKPHeng
|9 633294
|
| 651 |
|
7 |
|a Uhorsko
|2 SNKPHgeo
|9 28673
|
| 655 |
|
7 |
|a monografie
|2 SNKPH
|9 70139
|
| 655 |
|
7 |
|a Monographs
|2 SNKPHeng
|9 120675
|
| 700 |
1 |
|
|a Schwandner, Johann Georg,
|d 1716-1791
|4 edt
|9 290495
|
| 700 |
1 |
|
|a Bell, Matej,
|d 1684-1749
|4 aui
|9 633295
|
| 700 |
1 |
|
|a Hamuljak, Martin,
|d 1789-1859
|4 fmo
|9 79936
|
| 710 |
2 |
|
|a Eisfeld, Zacharias Heinrich (Lipsko, Nemecko),
|d 1739-1766
|4 prt
|9 633296
|
| 710 |
2 |
|
|a Kraus, Johann Paul (Viedeň, Rakúsko)
|4 pbl
|9 633297
|
| 752 |
|
|
|a Nemecko
|d Leipzig
|
| 752 |
|
|
|a Rakúsko
|d Wien
|
| 852 |
|
|
|a snk
|b Historickké fondy
|p SA 42/3
|
| 958 |
|
|
|a ONDV
|
| 999 |
|
|
|c 976247
|d 978177
|
| 952 |
|
|
|t P60, <05>, [BOOK], {605}
|a SNK
|b SNK
|y PREZ
|7 0
|p 17A0140237
|o snkSA 42/3 D1
|0 0
|1 0
|4 0
|d 1998-05-15
|l 0
|r 2005-01-02 00:00:00
|w 2026-02-24
|
| 952 |
|
|
|t Ham 683
|a SNK
|b SNK
|c SNK_HF
|y PREZ
|7 0
|p 17A1127264
|o snkSA 42/3
|i snk 2355/1929
|8 21
|0 0
|1 0
|2 udc
|4 0
|d 2015-02-11
|f 1
|l 0
|r 2026-02-24 11:05:00
|w 2026-02-24
|